000 00635nam a2200277Ia 4500
005 20260324144935.0
008 008 260324s9999 xx 000 0 eng d
020 _a9780203778241
037 _aEBOOK
040 _aCRL
040 _beng
040 _cCRL
041 _2eng
041 _aeng
084 _qCRL
100 _aHarry Trosman
_91221169
245 0 _aFreud and the Imaginative World
260 _bTaylor and Francis
260 _c1985
365 _a
365 _b86.99
856 _uhttp://www.taylorfrancis.com/books/9780203778241
942 _cEBOOK
999 _c1828420
_d1828420